樺太東線の駅名 - Statistics

General Stats
  • This quiz has been taken 19 times
  • The average score is 31 of 58
Answer Stats
キロ程 乗換 駅名 % Correct
41.6 豊原
100%
2.6 大泊市街軌道 大泊
87%
0.0 樺太拓殖鉄道 大泊港
80%
7.4 一ノ沢
80%
10.7 三ノ沢
80%
84.8 樺太東線(栄浜方面) 落合
80%
159.1 真久線 真縫
80%
330.3 三井鉱山内川炭鉱軌道 敷香
80%
73.8 帝国燃料興業会社内淵線 大谷
73%
149.4 白浦炭鉱専用鉄道 白浦
73%
403.7 気屯
73%
3.9 大泊市街軌道 楠渓町
67%
31.5 豊南
67%
52.5 川上線・豊真線 小沼
67%
61.4 富岡
67%
66.7 深雪
67%
78.7 小谷
67%
255.3 知取
67%
352.0 上敷香
67%
396.5 亜屯
67%
414.4 樺太セメント工業石灰山軌道 古屯
67%
14.3 貝塚
60%
23.4 中里
60%
37.5 大沢
60%
43.8 北豊原
60%
47.5 豊北
60%
94.0 新栄浜
60%
126.9 小田寒
60%
50.3 南小沼
53%
277.0 大鵜取
53%
312.4 内路
53%
338.4 中敷香
53%
17.7 樺南鉄道 新場
47%
100.9 白鳥湖
47%
107.5 相浜
47%
114.8 白浜
47%
132.4 真苫
47%
299.8 日鉄鉱業泊岸炭鉱専用鉄道 泊岸
47%
174.2 近幌
40%
232.0 幌内保
40%
239.7 東礼文
40%
371.3 初問
40%
388.1 千輪
40%
111.7 富浜
33%
192.4 白石沢
33%
224.8 樫保
33%
229.2 北樫保
33%
287.3 新問
33%
321.1 床佐
33%
138.8 保呂
27%
199.2 馬群潭
27%
214.4 元泊
27%
381.1 保恵
27%
249.7 遠古丹
20%
282.3 茂受
20%
360.5 大木
20%
267.6 柵丹
13%
350.4 江須
13%
No matching quizzes found
Score Distribution
Percent of People with Each Score
Percentile by Number Answered
Your Score History
You have not taken this quiz